000
00292nam a22001217a 4500
082
_b
891.4393
_a
BUT
100
_a
Butt, Razia
245
_a
Zari /
_c
Razia Butt
260
_a
Lahore :
_b
Feroz Sons,
_c
1990.
300
_a
523 p. ;
_c
22 cm.
880
_6
245-02\r
_a
زری /
942
_2
ddc
_c
BK
999
_c
594550
_d
594550